000 00319nam a22001457a 4500
008 210607b ||||| |||| 00| 0 eng d
020 _a9780735618565
041 _aeng
080 _a004
082 _a004
100 _a28
101 _aSHKI
245 _aMicrosoft ASP.NET WEB Matrix
_cMike Pope
942 _2udc
_cBK
999 _c58014
_d58014